Southville International School and Colleges
Your cart is empty.
  • Cart
  • Lists
    Public lists Eva Luna New books Lux_list list_1
    Your lists Log in to create your own lists
  • Log in to your account
  • Your cookies
  • Search history
Southville International School and Colleges
  • Advanced search
  • Recent comments
  • Most popular
  • Libraries

Log in to your account

Log in with GOOGLE


If you do not have an external account, but do have a local account, you can still log in:

  1. Home
  2. MARC view: The secret of the seal /
Normal view MARC view ISBD view

The secret of the seal / (Record no. 34333)

[ view plain ]
MARC details
000 -LEADER
fixed length control field 01153pam a2200361 a 4500
001 - CONTROL NUMBER
control field 4330667
003 - CONTROL NUMBER IDENTIFIER
control field OSt
005 - DATE AND TIME OF LATEST TRANSACTION
control field 20140310184430.0
008 - FIXED-LENGTH DATA ELEMENTS--GENERAL INFORMATION
fixed length control field 881018s1989 nyua j 000 1 eng
010 ## - LIBRARY OF CONGRESS CONTROL NUMBER
LC control number 88039533
020 ## - INTERNATIONAL STANDARD BOOK NUMBER
International Standard Book Number 0590463187
040 ## - CATALOGING SOURCE
Original cataloging agency DLC
Transcribing agency DLC
Modifying agency DLC
042 ## - AUTHENTICATION CODE
Authentication code lcac
043 ## - GEOGRAPHIC AREA CODE
Geographic area code n------
050 00 - LIBRARY OF CONGRESS CALL NUMBER
Classification number PZ 7
Item number .D28586Se 1989
100 1# - MAIN ENTRY--PERSONAL NAME
Personal name Davis, Deborah,
Dates associated with a name 1957-
9 (RLIN) 27004
245 14 - TITLE STATEMENT
Title The secret of the seal /
Statement of responsibility, etc Deborah Davis ; illustrations by Judy Labrasca.
250 ## - EDITION STATEMENT
Edition statement 1st ed.
260 ## - PUBLICATION, DISTRIBUTION, ETC. (IMPRINT)
Place of publication, distribution, etc New York :
Name of publisher, distributor, etc Scholastics
Date of publication, distribution, etc 1989.
300 ## - PHYSICAL DESCRIPTION
Extent 57 p. :
Other physical details ill. ;
Dimensions 22 cm.
520 ## - SUMMARY, ETC.
Summary, etc Ten-year-old Kyo, an Eskimo boy, faces a difficult moral choice between friendship for a seal and loyalty to his family.
521 ## - TARGET AUDIENCE NOTE
Target audience note
526 ## - STUDY PROGRAM INFORMATION NOTE
Reading level 720
562 ## - COPY AND VERSION IDENTIFICATION NOTE
Number of copies For circulation. 2 copy available in the collection
650 #0 - SUBJECT ADDED ENTRY--TOPICAL TERM
Topical term or geographic name as entry element Eskimos
General subdivision Juvenile fiction.
9 (RLIN) 27005
650 #1 - SUBJECT ADDED ENTRY--TOPICAL TERM
Topical term or geographic name as entry element Eskimos
General subdivision Fiction.
9 (RLIN) 27006
650 #1 - SUBJECT ADDED ENTRY--TOPICAL TERM
Topical term or geographic name as entry element Seals (Animals)
General subdivision Fiction.
9 (RLIN) 27007
700 1# - ADDED ENTRY--PERSONAL NAME
Personal name Labrasca, Judy,
Relator term ill
9 (RLIN) 27008
906 ## - LOCAL DATA ELEMENT F, LDF (RLIN)
a 7
b rip
c orignew
d 1
e ocip
f 19
g y-gencatlg
942 ## - ADDED ENTRY ELEMENTS (KOHA)
Source of classification or shelving scheme Library of Congress Classification
Koha item type
Holdings
Withdrawn status Lost status Source of classification or shelving scheme Damaged status Home library Current library Shelving location Date acquired Total Checkouts Full call number Barcode Date last seen Copy number Price effective from Koha item type
    Library of Congress Classification   Luxembourg Library Luxembourg Library Scholastic Reading Center Section 10/09/2013   PZ 7 .D28586Se 1989 LEX2225 04/18/2017 1 10/09/2013 Books
    Library of Congress Classification   Luxembourg Library Luxembourg Library Scholastic Reading Center Section 10/09/2013   PZ 7 .D28586Se 1989 LEX2224 04/18/2017 2 10/09/2013 Books

The secret of the seal /

APA

Davis D., Labrasca J., . (1989). The secret of the seal. New York: Scholastics.

Chicago

Davis Deborah, Labrasca Judy, . 1989. The secret of the seal. New York: Scholastics.

Harvard

Davis D., Labrasca J., . (1989). The secret of the seal. New York: Scholastics.

MLA

Davis Deborah, Labrasca Judy, . The secret of the seal. New York: Scholastics. 1989.

  • Place hold
  • Print
  • Cite
  • Add to your cart (remove)
  • Save record
    BIBTEX Dublin Core MARCXML MARC (non-Unicode/MARC-8) MARC (Unicode/UTF-8) MARC (Unicode/UTF-8, Standard) MODS (XML) RIS
  • More searches
    Search for this title in:
    Other Libraries (WorldCat) Other Databases (Google Scholar) Online Stores (Bookfinder.com) Open Library (openlibrary.org)

Exporting to Dublin Core...

SOUTHVILLE LIBRARY

Southville International School and Colleges Library

1281 Tropical Ave. Cor. Luxembourg St., BF Homes International, Las Pinas City

Tel. No. 8256374 / 252358 Loc. 117/146

Powered by Koha